000 01931nam a2200433 i 4500
001 193137
003 SpMaBN
005 20240708063028.0
008 230823s2019 sp a | ||||o000 0 spa
017 _aM 13378-2019
_bOficina Depósito Legal Madrid
035 _a(OCoLC)1135238444
035 _aa6583148
040 _aSpMaBN
_bspa
_cSpMaBN
_erda
080 _a069(460.271)
080 _a726:2-523.6(460.271)(091)
080 _a726.033.5:27-523.5(460.271)
245 0 4 _aLas piedras viajeras :
_bde cómo llegó el Claustro de Los Jerónimos al Museo de San Isidro /
_ctexto, Alberto González Alonso, Concha Cirujano Gutiérrez, Álvaro Martínez-Novillo, Miguel Sobrino González ; ilustraciones, Miguel Sobrino González.
264 1 _a[Madrid] :
_bMuseo de San Isidro, Los Orígenes de Madrid,
_c[2019]
300 _a68 páginas, 1 página sin numerar :
_bilustraciones (color) ;
_c27 cm
336 _aTexto
_2rdacontent
337 _asin mediación
_2rdamedia
338 _avolumen
_2rdacarrier
500 _aCatalogación provisional. Signatura: N 8622. Depósito J.
504 _aBibliografía: página 71
610 2 4 _aMuseo de San Isidro (Madrid)
_2embne
_9172710
610 2 7 _aMonasterio de San Jerónimo el Real (Madrid)-
_9134690
_xHistoria
650 7 _aClaustros góticos
_zMadrid
_2embne
_9234034
700 1 _aGonzález Alonso, Alberto
_eaut
_9234035
700 1 _aCirujano Gutiérrez, Concha
_eaut
_9234036
700 1 _aMartínez-Novillo, Álvaro
_eaut
_9234037
700 1 _aSobrino González, Miguel
_eaut
_eill
_9234038
852 _aES-MaACL
_9200452
_bR.152758
_jN-8622
_cDEPOJ
_hDonación: Eduardo Salas Vazquez
_zEn proceso
903 _9234033
_aSalas Vazquez, Eduardo
_ednr
942 _cMONOGRAFIA
999 _c193137
_d193137